000 00667nam a2200229 a 4500
999 _c5473
_d5473
001 5473
003 BD-JhCC
005 20220310134020.0
008 171217s20041997ii ||||| |||| 00| 0 eng d
035 _a(BD-JhCC)5473
040 _aBD-JhCC
_dBD-JhCC
041 _aeng
082 _a518
_bVAS 2004
100 _aVasishtha, A. R.
245 _aCalculus of finite differences and Numerical Analysis :
_ba course on numerical methods /
_cA. R. Vasishtha, Vipin Vasishtha
260 _aNew Delhi :
_bKedar Nath Ram Nath,
_c2004.
300 _a436 p. :
_c20 cm.
650 _aNumarical Analysis
700 _aVasishtha, Vipin
942 _2ddc
_cBK
_01